书目信息 |
| 题名: |
基于数学核心素养的团队研修与实践
|
|
| 作者: | 王保东 , 李金荣 , 周跃鑫 主编 | |
| 分册: | ||
| 出版信息: | 北京 北京交通大学出版社 2020.12 |
|
| 页数: | 288页 | |
| 开本: | 26cm | |
| 丛书名: | ||
| 单 册: | ||
| 中图分类: | C633.602 | |
| 科图分类: | ||
| 主题词: | 中学数学课--教学研究--高中 | |
| 电子资源: | ||
| ISBN: | 978-7-5121-4364-7 | |
| 000 | 01191nam0 2200253 45 | |
| 001 | 012001001475 | |
| 005 | 20140914083037.0 | |
| 010 | @a978-7-5121-4364-7@dCNY58.00 | |
| 100 | @a20210207d2020 em y0chiy50 ea | |
| 101 | 0 | @achi |
| 102 | @aCN@b110000 | |
| 105 | @aa z 000yy | |
| 106 | @ar | |
| 200 | 1 | @a基于数学核心素养的团队研修与实践@b专著@f王保东,李金荣,周跃鑫主编@Aji yu shu xue he xin su yang de tuan dui yan xiu yu shi jian |
| 210 | @a北京@c北京交通大学出版社@d2020.12 | |
| 215 | @a288页@c图@d26cm | |
| 330 | @a本书是密云区高中数学教师研究工作室基于核心素养的团队研修与实践中方法与成果的提炼。聚焦课堂教学,在专家理论引领、团队反复实践探索的基础上,摸索出单元-课时教学的两种模式,并结合新授课和复习课的教学特点对课时教学设计进行了细致研究。把研究的成果以教学设计案例和论文的形式写出来进行交流分享,书中收录了许多具有独特见解的已公开发表或获得市级一等奖的教学设计和论文。 | |
| 606 | 0 | @a中学数学课@x教学研究@x高中 |
| 690 | @aC633.602@v5 | |
| 701 | 0 | @a王保东@c(中等教育)@4主编@Awang bao dong |
| 701 | 0 | @a李金荣@c(中等教育)@4主编@Ali jin rong |
| 701 | 0 | @a周跃鑫@c(中等教育)@4主编@Azhou yue xin |
| 801 | 0 | @aCN@bBJSDL@c20211011 |
| 905 | @b1334647-51@dC633.602@e40@f5 | |
| 基于数学核心素养的团队研修与实践/王保东,李金荣,周跃鑫主编.-北京:北京交通大学出版社,2020.12 |
| 288页:图;26cm |
| ISBN 978-7-5121-4364-7:CNY58.00 |
| 本书是密云区高中数学教师研究工作室基于核心素养的团队研修与实践中方法与成果的提炼。聚焦课堂教学,在专家理论引领、团队反复实践探索的基础上,摸索出单元-课时教学的两种模式,并结合新授课和复习课的教学特点对课时教学设计进行了细致研究。把研究的成果以教学设计案例和论文的形式写出来进行交流分享,书中收录了许多具有独特见解的已公开发表或获得市级一等奖的教学设计和论文。 |
| ● |
| 相关链接 |
|
|
|
|
正题名:基于数学核心素养的团队研修与实践
索取号:C633.602/40
 
预约/预借
| 序号 | 登录号 | 条形码 | 馆藏地/架位号 | 状态 | 备注 |
| 1 | 1334647 | 213346477 | 第一样本阅览室/ [索取号:C633.602/40] | 在馆 | |
| 2 | 1334648 | 213346486 | 第一借阅区/ [索取号:C633.602/40] | 在馆 | |
| 3 | 1334649 | 213346495 | 第一借阅区/ [索取号:C633.602/40] | 在馆 | |
| 4 | 1334650 | 213346501 | 第一借阅区/ [索取号:C633.602/40] | 在馆 | |
| 5 | 1334651 | 213346510 | 第一借阅区/ [索取号:C633.602/40] | 在馆 |